Statistics for All Flavors of Celcius Drink

Click here to take the quiz!

General Stats

  • This quiz has been taken 6 times
  • The average score is 5 of 12

Answer Stats

Answer% Correct
Peach Mango
83%
Sparkling Kiwi Guava
67%
Sparkling Strawberry Guava
67%
Sparkling Wild Berry
67%
Sparkling White Peach
50%
Grapefruit Melon Green Tea
33%
Sparkling Fuji Apple Pear
33%
Sparkling Grape
33%
Sparkling Orange
33%
Cola
17%
Raspberry Acai Green Tea
17%
Sparkling Watermelon
17%

Score Distribution

Percentile by Number Answered

Percent of People with Each Score

Your Score History

You have not taken this quiz